<?xml version="1.0" encoding="UTF-8"?>
<record
    xmlns:xsi="http://www.w3.org/2001/XMLSchema-instance"
    xsi:schemaLocation="http://www.loc.gov/MARC21/slim http://www.loc.gov/standards/marcxml/schema/MARC21slim.xsd"
    xmlns="http://www.loc.gov/MARC21/slim">

  <leader>01783nam a22002777a 4500</leader>
  <controlfield tag="001">76221</controlfield>
  <controlfield tag="003">BD-RjUL</controlfield>
  <controlfield tag="005">20211209082818.0</controlfield>
  <controlfield tag="008">191113r19982018bg ||||| |||| 00| 0 ben d</controlfield>
  <datafield tag="020" ind1=" " ind2=" ">
    <subfield code="a"> 9844100917 (v. 1)</subfield>
  </datafield>
  <datafield tag="020" ind1=" " ind2=" ">
    <subfield code="a">9847015600631 (v. 2)</subfield>
  </datafield>
  <datafield tag="020" ind1=" " ind2=" ">
    <subfield code="a">9789849091721 (v. 3).</subfield>
  </datafield>
  <datafield tag="035" ind1=" " ind2=" ">
    <subfield code="a">(BD-RjUL)76442</subfield>
  </datafield>
  <datafield tag="040" ind1=" " ind2=" ">
    <subfield code="a">BD-RjUL</subfield>
    <subfield code="b">eng</subfield>
    <subfield code="c">BD-RjUL</subfield>
  </datafield>
  <datafield tag="041" ind1=" " ind2=" ">
    <subfield code="a">eng</subfield>
  </datafield>
  <datafield tag="082" ind1=" " ind2=" ">
    <subfield code="2">22</subfield>
    <subfield code="a">954.920202</subfield>
    <subfield code="b">RAB </subfield>
  </datafield>
  <datafield tag="100" ind1=" " ind2=" ">
    <subfield code="a">&#x9B0;&#x9B9;&#x9AE;&#x9BE;&#x9A8;, &#x9AE;&#x9C1;&#x9B9;&#x9BE;&#x9AE;&#x9CD;&#x9AE;&#x9A6; &#x9B9;&#x9BE;&#x9AC;&#x9BF;&#x9AC;&#x9C1;&#x9B0; </subfield>
    <subfield code="9">234846</subfield>
  </datafield>
  <datafield tag="245" ind1=" " ind2=" ">
    <subfield code="a">&#x9AC;&#x9BE;&#x982;&#x9B2;&#x9BE;&#x9A6;&#x9C7;&#x9B6;&#x9C7;&#x9B0; &#x9A4;&#x9BE;&#x9B0;&#x9BF;&#x996; /</subfield>
    <subfield code="c">&#x9AE;&#x9C1;&#x9B9;&#x9BE;&#x9AE;&#x9CD;&#x9AE;&#x9A6; &#x9B9;&#x9BE;&#x9AC;&#x9BF;&#x9AC;&#x9C1;&#x9B0; &#x9B0;&#x9B9;&#x9AE;&#x9BE;&#x9A8;. </subfield>
  </datafield>
  <datafield tag="250" ind1=" " ind2=" ">
    <subfield code="a">&#x9AA;&#x9B0;&#x9BF;&#x9AC;&#x9B0;&#x9CD;&#x9A7;&#x9BF;&#x9A4; &#x993; &#x9AA;&#x9B0;&#x9BF;&#x9AE;&#x9BE;&#x9B0;&#x9CD;&#x99C;&#x9BF;&#x9A4; &#x9A8;&#x9A4;&#x9C1;&#x9A8; &#x9B8;&#x982;&#x9B8;&#x9CD;&#x995;&#x9B0;&#x9A8;.</subfield>
  </datafield>
  <datafield tag="260" ind1=" " ind2=" ">
    <subfield code="a"> &#x9A2;&#x9BE;&#x995;&#x9BE; :  </subfield>
    <subfield code="b">&#x9AE;&#x9BE;&#x993;&#x9B2;&#x9BE; &#x9AC;&#x9CD;&#x9B0;&#x9BE;&#x9A6;&#x9BE;&#x9B0;&#x9CD;&#x9B8;,</subfield>
    <subfield code="c">&#x9E8;&#x9E6;&#x9E7;&#x9EA;-&#x9E8;&#x9E6;&#x9E7;&#x9ED; [&#x9AE;&#x9C1;&#x9A6;&#x9CD;&#x9B0;&#x9A3; ]</subfield>
  </datafield>
  <datafield tag="300" ind1=" " ind2=" ">
    <subfield code="a">&#x9E8; &#x996;&#x9A8;&#x9CD;&#x9A1; ;</subfield>
    <subfield code="c">&#x9E8;&#x9E8; &#x9B8;&#x9C7;&#x9AE;&#x9BF;.</subfield>
  </datafield>
  <datafield tag="505" ind1="0" ind2=" ">
    <subfield code="a">&#x9AA;&#x9CD;&#x9B0;&#x9A5;&#x9AE; &#x996;&#x9A3;&#x9CD;&#x9A1; [&#x9E8;&#x9E6;&#x9E6;&#x9E6; &#x9B8;&#x9BE;&#x9B2; &#x9AA;&#x9B0;&#x9CD;&#x9AF;&#x9A8;&#x9CD;&#x9A4; &#x989;&#x9B2;&#x9CD;&#x9B2;&#x9C7;&#x996;&#x9AF;&#x9CB;&#x997;&#x9CD;&#x9AF; &#x998;&#x99F;&#x9A8;&#x9BE;&#x9B0; &#x995;&#x9BE;&#x9B2;&#x9BE;&#x9A8;&#x9C1;&#x995;&#x9CD;&#x9B0;&#x9AE;&#x9BF;&#x995; &#x998;&#x99F;&#x9A8;&#x9BE;&#x9AA;&#x99E;&#x9CD;&#x99C;&#x9BF; ] -- &#x9A6;&#x9CD;&#x9AC;&#x9BF;&#x9A4;&#x9C0;&#x9AF;&#x9BC; &#x996;&#x9A3;&#x9CD;&#x9A1;[&#x9E8;&#x9E6;&#x9E6;&#x9E7; &#x9A5;&#x9C7;&#x995;&#x9C7; &#x9E8;&#x9E6;&#x9E6;&#x9ED; &#x9B8;&#x9BE;&#x9B2; &#x9AA;&#x9B0;&#x9CD;&#x9AF;&#x9A8;&#x9CD;&#x9A4; &#x989;&#x9B2;&#x9CD;&#x9B2;&#x9C7;&#x996;&#x9AF;&#x9CB;&#x997;&#x9CD;&#x9AF; &#x998;&#x99F;&#x9A8;&#x9BE;&#x9B0; &#x995;&#x9BE;&#x9B2;&#x9BE;&#x9A8;&#x9C1;&#x995;&#x9CD;&#x9B0;&#x9AE;&#x9BF;&#x995; &#x998;&#x99F;&#x9A8;&#x9BE;&#x9AA;&#x99E;&#x9CD;&#x99C;&#x9BF; ]-- &#x9A4;&#x9C3;&#x9A4;&#x9C0;&#x9AF;&#x9BC; &#x996;&#x9A3;&#x9CD;&#x9A1; [&#x9E8;&#x9E6;&#x9E6;&#x9EE; &#x9A5;&#x9C7;&#x995;&#x9C7; &#x9E8;&#x9E6;&#x9E7;&#x9E9; &#x9B8;&#x9BE;&#x9B2; &#x9AA;&#x9B0;&#x9CD;&#x9AF;&#x9A8;&#x9CD;&#x9A4; &#x989;&#x9B2;&#x9CD;&#x9B2;&#x9C7;&#x996;&#x9AF;&#x9CB;&#x997;&#x9CD;&#x9AF; &#x998;&#x99F;&#x9A8;&#x9BE;&#x9B0; &#x995;&#x9BE;&#x9B2;&#x9BE;&#x9A8;&#x9C1;&#x995;&#x9CD;&#x9B0;&#x9AE;&#x9BF;&#x995; &#x998;&#x99F;&#x9A8;&#x9BE;&#x9AA;&#x99E;&#x9CD;&#x99C;&#x9BF;]</subfield>
  </datafield>
  <datafield tag="650" ind1=" " ind2=" ">
    <subfield code="a">&#x9AC;&#x9BE;&#x982;&#x9B2;&#x9BE;&#x9A6;&#x9C7;&#x9B6; </subfield>
    <subfield code="x">&#x987;&#x9A4;&#x9BF;&#x9B9;&#x9BE;&#x9B8; </subfield>
    <subfield code="y">&#x995;&#x9BE;&#x9B2;&#x9BE;&#x9A8;&#x9C1;&#x995;&#x9CD;&#x9B0;&#x9AE;&#x9BF;&#x995;</subfield>
    <subfield code="9">235039</subfield>
  </datafield>
  <datafield tag="651" ind1=" " ind2=" ">
    <subfield code="a">Bangladesh </subfield>
    <subfield code="x">History</subfield>
    <subfield code="y">Chronology. </subfield>
    <subfield code="9">234847</subfield>
  </datafield>
  <datafield tag="942" ind1=" " ind2=" ">
    <subfield code="2">ddc</subfield>
    <subfield code="c">BK</subfield>
  </datafield>
  <datafield tag="999" ind1=" " ind2=" ">
    <subfield code="c">76221</subfield>
    <subfield code="d">76221</subfield>
  </datafield>
  <datafield tag="952" ind1=" " ind2=" ">
    <subfield code="0">0</subfield>
    <subfield code="1">0</subfield>
    <subfield code="2">ddc</subfield>
    <subfield code="4">0</subfield>
    <subfield code="7">1</subfield>
    <subfield code="a">RUCL</subfield>
    <subfield code="b">RUCL</subfield>
    <subfield code="c">Reading</subfield>
    <subfield code="d">2019-11-11</subfield>
    <subfield code="e">Vidyasagar, Rajshahi</subfield>
    <subfield code="g">500.00</subfield>
    <subfield code="l">0</subfield>
    <subfield code="o">B 954.920202 RAB V-1 2014</subfield>
    <subfield code="r">2019-11-13 00:00:00</subfield>
    <subfield code="t">C-1</subfield>
    <subfield code="w">2021-12-09</subfield>
    <subfield code="y">BK</subfield>
  </datafield>
  <datafield tag="952" ind1=" " ind2=" ">
    <subfield code="0">0</subfield>
    <subfield code="1">0</subfield>
    <subfield code="2">ddc</subfield>
    <subfield code="4">0</subfield>
    <subfield code="7">1</subfield>
    <subfield code="a">RUCL</subfield>
    <subfield code="b">RUCL</subfield>
    <subfield code="c">Reading</subfield>
    <subfield code="d">2019-11-11</subfield>
    <subfield code="e">Vidyasagar, Rajshahi</subfield>
    <subfield code="g">500.00</subfield>
    <subfield code="l">0</subfield>
    <subfield code="o">B 954.920202 V-2 RAB 2017</subfield>
    <subfield code="r">2019-11-13 00:00:00</subfield>
    <subfield code="t">C-1</subfield>
    <subfield code="w">2019-11-13</subfield>
    <subfield code="y">BK</subfield>
  </datafield>
  <datafield tag="952" ind1=" " ind2=" ">
    <subfield code="0">0</subfield>
    <subfield code="1">0</subfield>
    <subfield code="2">ddc</subfield>
    <subfield code="4">0</subfield>
    <subfield code="7">1</subfield>
    <subfield code="8">NFIC</subfield>
    <subfield code="a">RUCL</subfield>
    <subfield code="b">RUCL</subfield>
    <subfield code="c">Reading</subfield>
    <subfield code="d">2019-11-11</subfield>
    <subfield code="e">Biddasagar, Rajshahi</subfield>
    <subfield code="g">550.00</subfield>
    <subfield code="l">0</subfield>
    <subfield code="o">B 954.920202 RAB V-3 2014</subfield>
    <subfield code="r">2019-11-18 00:00:00</subfield>
    <subfield code="t">C-1</subfield>
    <subfield code="w">2019-11-18</subfield>
    <subfield code="y">BK</subfield>
  </datafield>
</record>
